Truyện ngắn đầu tay của các nhà văn Việt Nam

Na minha lista:
Detalhes bibliográficos
Formato: Livro
Idioma:Undetermined
Publicado em: Hà Nội Thanh Niên 2004
Assuntos:
Tags: Adicionar Tag
Sem tags, seja o primeiro a adicionar uma tag!
Thư viện lưu trữ: Trung tâm Học liệu Trường Đại học Cần Thơ
LEADER 00526nam a2200181Ia 4500
001 CTU_73905
008 210402s9999 xx 000 0 und d
020 |b 85000 
082 |a 895.922301 
082 |b Tr527/T2 
245 0 |a Truyện ngắn đầu tay của các nhà văn Việt Nam 
260 |a Hà Nội 
260 |b Thanh Niên 
260 |c 2004 
650 |a Short stories, vietnamese 
650 |y 20th century 
904 |i Mai Loan, Qhieu 
980 |a Trung tâm Học liệu Trường Đại học Cần Thơ